000
00345pab a2200145 454500
008
180718b1998 xxu||||| |||| 00| 0 eng d
100
_a
Padmanabhan, B.S.
245
_a
Narasimham Committee Report: revamping the banking sector
260
_c
1998
300
_a
p.5-7
362
_a
Jul
650
_a
Banks
773
_a
Yojana
909
_a
37935
999
_c
37935
_d
37935